|
|
|
|
| LEADER |
00000nam a22000007a 4500 |
| 005 |
20220407222721.0 |
| 007 |
cr|||| |||| |
| 008 |
220407s2020 br |||||s|||| 00||0 por d |
| 020 |
|
|
|a 978-85-301-0180-0
|
| 035 |
|
|
|a 36039
|
| 040 |
|
|
|a vLex
|
| 090 |
|
|
|c 13133
|d 13133
|
| 100 |
1 |
|
|a Barbosa Junior, Francisco de Assis
|
| 245 |
1 |
0 |
|a Teletrabalho transnacional
|h [Recurso electrn̤ico] :
|b normatizaȯ̂ e jurisdiȯ̂ /
|c Francisco de Assis Barbosa Junior
|
| 256 |
|
|
|a Servicio en ln̕ea
|
| 260 |
|
|
|a San Pablo:
|b LTR,
|c 2020
|
| 300 |
|
|
|a 1 recurso electrn̤ico
|
| 500 |
|
|
|a A irrelevńcia do lugar onde ocorre o labor do teletrabalhador transnacional cria uma situaȯ̂ inďita, na qual o seu trabalho e o seu produto imediato tomam corpo em pas̕es distintos, ensejando dv︢idas sobre qual sistema legal nacional deve ser aplicado no caso concreto, a extensô e a forma dessa aplicaȯ̂, ou mesmo se os contratos devem ser regulados por uma norma global, a qual garanta a aplicaȯ̂ prt̀ica dos conceitos de equidade e justiȧ. A adoȯ̂ maciȧ das Novas Tecnologias de Informaȯ̂ e Comunicaȯ̂ ensejou mudanȧs drs̀ticas no universo do trabalho, dentre elas se destacando a criaȯ̂ de uma nova classe de trabalhadores, os teletrabalhadores transnacionais. O ineditismo da situaȯ̂ desses trabalhadores, que mitigaram o conceito de lugar ao viverem e trabalharem em um pas̕, contudo, o resultado do seu labor ser produzido noutro, traz consigo diversos novos questionamentos, os quais demandam respostas urgentes, como saber se formam eles uma mô de obra nacional ou estrangeira, qual a legislaȯ̂ material e processual a ser aplicada nos casos concretos, qual o juiz competente para atuar nesses casos, se ̌possv̕el criar uma norma global para regulamentar sua situaȯ̂ de forma equńime e justa etc.
|
| 506 |
1 |
|
|a Disponible solo en los productos indicados
|d vLex Global
|d vLex Global (Academic Edition, excluding Law Schools)
|d vLex Global (U.S. Academic Edition, Law Schools)
|d vLex Global (U.S. Academic Edition, excluding Law Schools)
|d vLex Global (Academic Edition, Law Schools)
|
| 650 |
0 |
4 |
|a Derecho Laboral y Seguridad Social
|z Brasil
|
| 740 |
0 |
|
|a vLex Libros (Servicio en ln̕ea)
|
| 856 |
4 |
0 |
|u https://app.vlex.com/#/sources/36039
|z Acceso restringido
|
| 942 |
|
|
|c BOOK
|
| 999 |
0 |
|
|a Labor law and social security
|